000 00553nam a2200205Ia 4500
005 20260429112051.0
008 260429s9999||||xx |||||||||||||| ||und||
020 _a9781835352007
041 _aEnglish
082 _a612.76
_bCAP
100 _aCappelo, M.
245 0 _aNew update in kinesiology :
_bphysical education /
_cM. Cappelo
250 _a1st ed.
260 _aLondon :
_bETP ED- Tech Press,
_c2025.
300 _axiii, 317 p.; hb
650 _a Physical education
650 _a Sports science
650 _aKinesiology
942 _cTB
999 _c52176
_d52176